Construction management (Record no. 105127)

MARC details
000 -LEADER
fixed length control field 01025cam a2200229 4500
001 - CONTROL NUMBER
control field ##L132404
008 - FIXED-LENGTH DATA ELEMENTS--GENERAL INFORMATION
fixed length control field 060203n2006 000 0 eng u
020 ## - INTERNATIONAL STANDARD BOOK NUMBER
International Standard Book Number 0471661732
-- 9780471661733
035 ## - SYSTEM CONTROL NUMBER
System control number (Sirsi) u132404
041 0# - LANGUAGE CODE
Language code of text/sound track or separate title eng
050 04 - LIBRARY OF CONGRESS CALL NUMBER
Classification number 658.404 $2 18
100 1# - MAIN ENTRY--PERSONAL NAME
Personal name Halpin, Daniel W.
245 00 - TITLE STATEMENT
Title Construction management
250 ## - EDITION STATEMENT
Edition statement 3rd ed.
260 ## - PUBLICATION, DISTRIBUTION, ETC.
Place of publication, distribution, etc. New Jersey
Name of publisher, distributor, etc. John Wiley
Date of publication, distribution, etc. 2006
300 ## - PHYSICAL DESCRIPTION
Extent vi, 402p.
Dimensions 2006
350 ## - PRICE (NR) (BK AM CF MU VM SE) [OBSOLETE]
Price 79.50
520 ## - SUMMARY, ETC.
Summary, etc. This American text provides an introduction to the complex business of developing and constructing a major facility or structure. Presents a detailed look at the construction industry and the skills required to be a successful construction manager. The 3rd edition includes new information on value engineering, earned value, product delivery systems and the difference between purchasing construction and purchasing manufactured speculative products. Bibliography.
590 ## - LOCAL NOTE (RLIN)
Local note IKA250406
690 ## - LOCAL SUBJECT ADDED ENTRY--TOPICAL TERM (OCLC, RLIN)
Topical term or geographic name as entry element Construction management
9 (RLIN) 6230
942 ## - ADDED ENTRY ELEMENTS (KOHA)
Suppress in OPAC 0
Holdings
Withdrawn status Lost status Source of classification or shelving scheme Damaged status Not for loan Home library Current library Shelving location Date acquired Cost, normal purchase price Total Checkouts Full call number Barcode Date last seen Date last checked out Copy number Cost, replacement price Price effective from Koha item type
    Dewey Decimal Classification     London London Books 13/04/2006 67.57 12 658.404 HAL 30072770 06/08/2019 04/01/2010 1 67.57 06/08/2019 Book